|
|
|
|
| LEADER |
00000nam a22000005a 4500 |
| 001 |
7994 |
| 003 |
CL-ChBUA |
| 005 |
20120815103049.0 |
| 008 |
070301s1989 xxu 000 0 spa |
| 020 |
|
|
|a 0829704671
|
| 040 |
|
|
|a CL-ChBUA
|c CL-ChBUA
|
| 082 |
0 |
0 |
|a 922
|
| 090 |
|
|
|c 7994
|d 7994
|
| 100 |
1 |
|
|a Pollock, John.
|
| 245 |
1 |
0 |
|a El apóstol :
|b la vida de Pablo
|
| 260 |
|
|
|b Vida.
|c c1989.
|
| 300 |
|
|
|a 326 p.
|c 20 cm.
|
| 504 |
|
|
|a Indice.
|
| 650 |
|
4 |
|a APOSTOL PABLO - BIOGRAFIA.
|
| 942 |
|
|
|c LIB
|
| 952 |
|
|
|0 0
|1 0
|4 0
|7 0
|9 11888
|a UNACH
|b UNACH
|c 900
|d 2007-03-05
|i 30.085.
|l 3
|m 1
|o 922 / P 777.
|p 12887
|r 2026-03-12 12:52:40
|s 2017-10-06
|u 11888
|w 2012-08-08
|y LIB
|k 922 / P 777.
|
| 999 |
|
|
|c 7994
|d 7994
|